Two-minute mysteries collection / (Record no. 1006)

MARC details
000 -LEADER
fixed length control field 01023cam a22003013a 4500
005 - DATE AND TIME OF LATEST TRANSACTION
control field 20230815142304.0
020 ## - INTERNATIONAL STANDARD BOOK NUMBER
International Standard Book Number 043964383X (pbk.)
020 ## - INTERNATIONAL STANDARD BOOK NUMBER
International Standard Book Number 9780590447874
040 ## - CATALOGING SOURCE
Original cataloging agency CQF
Transcribing agency CQF
Modifying agency OCLCQ
-- DLC
Language of cataloging eng
050 00 - LIBRARY OF CONGRESS CALL NUMBER
Classification number PZ7.S68524
082 ## - DEWEY DECIMAL CLASSIFICATION NUMBER
Classification number 808.83
100 1# - MAIN ENTRY--PERSONAL NAME
Personal name Sobol, Donald J.,
Dates associated with a name 1924-2012.
245 10 - TITLE STATEMENT
Title Two-minute mysteries collection /
Statement of responsibility, etc. Donald J. Sobol.
246 3# - VARYING FORM OF TITLE
Title proper/short title 2 minute mysteries collection
260 ## - PUBLICATION, DISTRIBUTION, ETC.
Place of publication, distribution, etc. New York :
Name of publisher, distributor, etc. Scholastic,
Date of publication, distribution, etc. 2004, 1967.
300 ## - PHYSICAL DESCRIPTION
Extent 158 pages :
Dimensions 20 cm
500 ## - GENERAL NOTE
General note Compilation of three previously published books.
505 0# - FORMATTED CONTENTS NOTE
Formatted contents note U <br/>
520 ## - SUMMARY, ETC.
Summary, etc. For use in schools and libraries only. A collection of 158 mini-mysteries in which readers play Dr. Watson to master-detective Dr. Haledjian.
521 ## - TARGET AUDIENCE NOTE
Target audience note 820 <br/>
Source Lexile <br/>
521 ## - TARGET AUDIENCE NOTE
Target audience note U <br/>
Source Raz-Plus <br/>
650 #0 - SUBJECT ADDED ENTRY--TOPICAL TERM
Topical term or geographic name entry element Short stories.
655 #7 - INDEX TERM--GENRE/FORM
Genre/form data or focus term Mystery fiction.
Source of term gsafd
906 ## - LOCAL DATA ELEMENT F, LDF (RLIN)
a 7
b cbc
c copycat
d 2
e ncip
f 20
g y-genrareb
942 ## - ADDED ENTRY ELEMENTS (KOHA)
Source of classification or shelving scheme Dewey Decimal Classification
Koha item type Books
Suppress in OPAC No
999 ## -
-- 1006
-- 1006
Holdings
Withdrawn status Lost status Source of classification or shelving scheme Damaged status Not for loan Collection Home library Current library Shelving location Date acquired Total Checkouts Full call number Barcode Date last seen Price effective from Koha item type
    Dewey Decimal Classification     Fiction Footprints International School Library Network Toul Kork Campus Footprints International School Library Network Toul Kork Campus TTP Secondary Fiction Bookshelves 07/18/2023   SOB Fic PZ7.S68524 FIS00794 07/18/2023 07/18/2023 Books